[Event "DVM U14 2023"]
[Site "Magdeburg GER"]
[Date "2023.12.28"]
[Round "4"]
[White "Pham, Jacky"]
[Black "Büchel, David"]
[Result "0-1"]
[Termination "normal"]
[Board "2.4"]
[WhiteElo "1336"]
[BlackElo "1572"]
[WhiteClock "00:30:02"]
[BlackClock "00:34:09"]
[WhiteTeam "USC Magdeburg"]
[BlackTeam "SF München"]
[PlyCount "108"]
[WhiteFideId "34611606"]
[BlackFideId "34603689"]
[EventCountry "GER"]
[EventRounds "7"]
[EventType "team-swiss"]
[EventDate "2023.12.26"]

1. e4 {[%clk 01:30:14]} {[%emt 00:00:45]} c5 {[%clk 01:30:56]} {[%emt
00:00:05]} 2. Nc3 {[%clk 01:30:34]} {[%emt 00:00:09]} Nc6 {[%clk 01:31:19]}
{[%emt 00:00:08]} 3. g3 {[%clk 01:30:40]} {[%emt 00:00:23]} d6 {[%clk
01:31:34]} {[%emt 00:00:15]} 4. Bg2 {[%clk 01:30:42]} {[%emt 00:00:28]} g6
{[%clk 01:31:42]} {[%emt 00:00:22]} 5. Nge2 {[%clk 01:30:18]} {[%emt 00:00:54]}
Bg7 {[%clk 01:31:48]} {[%emt 00:00:24]} 6. d3 {[%clk 01:30:18]} {[%emt
00:00:30]} Nf6 {[%clk 01:31:38]} {[%emt 00:00:41]} 7. h3 {[%clk 01:30:02]}
{[%emt 00:00:45]} Bd7 {[%clk 01:31:32]} {[%emt 00:00:36]} 8. Be3 {[%clk
01:30:00]} {[%emt 00:00:32]} Rb8 {[%clk 01:31:09]} {[%emt 00:00:54]} 9. a4
{[%clk 01:28:57]} {[%emt 00:01:33]} a6 {[%clk 01:30:44]} {[%emt 00:00:55]} 10.
d4 {[%clk 01:23:40]} {[%emt 00:05:46]} cxd4 {[%clk 01:25:51]} {[%emt 00:05:23]}
11. Nxd4 {[%clk 01:23:21]} {[%emt 00:00:50]} Na5 {[%clk 01:20:01]} {[%emt
00:06:19]} 12. O-O {[%clk 01:19:51]} {[%emt 00:04:00]} Nc4 {[%clk 01:19:10]}
{[%emt 00:01:21]} 13. Bc1 {[%clk 01:16:36]} {[%emt 00:03:44]} Qb6 {[%clk
01:15:55]} {[%emt 00:03:45]} 14. Nb3 {[%clk 01:11:17]} {[%emt 00:05:50]} Rc8
{[%clk 01:10:18]} {[%emt 00:06:06]} 15. Re1 {[%clk 01:01:52]} {[%emt 00:09:56]}
Nh5 {[%clk 01:02:57]} {[%emt 00:07:51]} 16. Be3 {[%clk 00:54:18]} {[%emt
00:08:04]} Qd8 {[%clk 00:44:38]} {[%emt 00:18:49]} 17. Bc1 {[%clk 00:44:25]}
{[%emt 00:10:23]} Nxb2 {[%clk 00:32:18]} {[%emt 00:12:50]} 18. Bxb2 {[%clk
00:44:39]} {[%emt 00:00:15]} Rxc3 {[%clk 00:32:30]} {[%emt 00:00:20]} 19. Bxc3
{[%clk 00:32:38]} {[%emt 00:12:30]} Bxc3 {[%clk 00:32:52]} {[%emt 00:00:08]}
20. Re3 {[%clk 00:30:28]} {[%emt 00:02:39]} Bxa1 {[%clk 00:33:03]} {[%emt
00:00:20]} 21. Qxa1 {[%clk 00:30:45]} {[%emt 00:00:13]} O-O {[%clk 00:33:01]}
{[%emt 00:00:32]} 22. h4 {[%clk 00:28:48]} {[%emt 00:02:26]} Qc7 {[%clk
00:31:51]} {[%emt 00:01:40]} 23. Rc3 {[%clk 00:28:00]} {[%emt 00:01:19]} Qb6
{[%clk 00:31:18]} {[%emt 00:01:03]} 24. a5 {[%clk 00:26:11]} {[%emt 00:02:19]}
Qb4 {[%clk 00:22:20]} {[%emt 00:09:26]} 25. Qe1 {[%clk 00:19:15]} {[%emt
00:07:27]} Kg7 {[%clk 00:20:15]} {[%emt 00:02:35]} 26. e5 {[%clk 00:15:50]}
{[%emt 00:03:56]} Rc8 {[%clk 00:18:15]} {[%emt 00:02:30]} 27. Re3 {[%clk
00:13:55]} {[%emt 00:02:24]} Qxe1+ {[%clk 00:18:26]} {[%emt 00:00:20]} 28. Rxe1
{[%clk 00:14:14]} {[%emt 00:00:11]} Rxc2 {[%clk 00:18:20]} {[%emt 00:00:36]}
29. exd6 {[%clk 00:13:32]} {[%emt 00:01:12]} exd6 {[%clk 00:18:33]} {[%emt
00:00:17]} 30. Bxb7 {[%clk 00:09:48]} {[%emt 00:04:14]} Rb2 {[%clk 00:16:20]}
{[%emt 00:02:42]} 31. Bd5 {[%clk 00:09:04]} {[%emt 00:01:14]} Nf6 {[%clk
00:15:03]} {[%emt 00:01:48]} 32. Bc4 {[%clk 00:06:49]} {[%emt 00:02:45]} d5
{[%clk 00:14:35]} {[%emt 00:00:59]} 33. Bxa6 {[%clk 00:06:06]} {[%emt
00:01:12]} Rxb3 {[%clk 00:14:54]} {[%emt 00:00:11]} 34. Ra1 {[%clk 00:06:12]}
{[%emt 00:00:24]} Bf5 {[%clk 00:03:52]} {[%emt 00:11:32]} 35. Bf1 {[%clk
00:04:39]} {[%emt 00:02:02]} Rb1 {[%clk 00:02:15]} {[%emt 00:02:07]} 36. Rxb1
{[%clk 00:02:43]} {[%emt 00:02:26]} Bxb1 {[%clk 00:02:40]} {[%emt 00:00:05]}
37. a6 {[%clk 00:00:53]} {[%emt 00:02:20]} Ne8 {[%clk 00:01:31]} {[%emt
00:01:38]} 38. a7 {[%clk 00:00:37]} {[%emt 00:00:47]} Nc7 {[%clk 00:01:48]}
{[%emt 00:00:13]} 39. Ba6 {[%clk 00:00:35]} {[%emt 00:00:32]} d4 {[%clk
00:01:33]} {[%emt 00:00:45]} 40. Bb7 {[%clk 00:00:44]} {[%emt 00:00:21]} d3
{[%clk 00:01:34]} {[%emt 00:00:30]} 41. a8=Q {[%clk 00:00:43]} {[%emt
00:00:31]} Nxa8 {[%clk 00:01:57]} {[%emt 00:00:06]} 42. Bxa8 {[%clk 00:01:04]}
{[%emt 00:00:09]} d2 {[%clk 00:02:13]} {[%emt 00:00:14]} 43. Bf3 {[%clk
00:01:26]} {[%emt 00:00:08]} Bc2 {[%clk 00:02:32]} {[%emt 00:00:10]} 44. Kg2
{[%clk 00:01:29]} {[%emt 00:00:28]} d1=Q {[%clk 00:02:53]} {[%emt 00:00:09]}
45. Bxd1 {[%clk 00:01:50]} {[%emt 00:00:08]} Bxd1 {[%clk 00:03:18]} {[%emt
00:00:06]} 46. Kh3 {[%clk 00:01:05]} {[%emt 00:01:15]} f5 {[%clk 00:02:46]}
{[%emt 00:01:02]} 47. Kg2 {[%clk 00:30:29]} {[%emt 00:01:05]} Kf6 {[%clk
00:33:00]} {[%emt 00:00:17]} 48. Kf1 {[%clk 00:29:28]} {[%emt 00:01:30]} Ke5
{[%clk 00:33:18]} {[%emt 00:00:13]} 49. Kg2 {[%clk 00:29:12]} {[%emt 00:00:45]}
Ke4 {[%clk 00:33:40]} {[%emt 00:00:09]} 50. f4 {[%clk 00:28:59]} {[%emt
00:00:43]} Ke3 {[%clk 00:33:41]} {[%emt 00:00:29]} 51. Kg1 {[%clk 00:29:11]}
{[%emt 00:00:17]} Bg4 {[%clk 00:33:31]} {[%emt 00:00:41]} 52. Kg2 {[%clk
00:29:30]} {[%emt 00:00:10]} Ke2 {[%clk 00:33:49]} {[%emt 00:00:14]} 53. Kh1
{[%clk 00:29:41]} {[%emt 00:00:18]} Kf3 {[%clk 00:33:57]} {[%emt 00:00:22]} 54.
Kh2 {[%clk 00:30:02]} {[%emt 00:00:09]} Kf2 {[%clk 00:34:09]} {[%emt 00:00:18]}
0-1

[Event "DVM U14 2023"]
[Site "Magdeburg GER"]
[Date "2023.12.28"]
[Round "4"]
[White "Fruth, David"]
[Black "Polzin, Gustav"]
[Result "1-0"]
[Termination "normal"]
[Board "3.1"]
[WhiteElo "1881"]
[BlackElo "1895"]
[WhiteClock "01:09:08"]
[BlackClock "00:23:59"]
[WhiteTeam "USV TU Dresden"]
[BlackTeam "USV Halle"]
[PlyCount "91"]
[WhiteFideId "16257596"]
[BlackFideId "34603280"]
[EventCountry "GER"]
[EventRounds "7"]
[EventType "team-swiss"]
[EventDate "2023.12.26"]

1. e4 {[%clk 01:30:59]} c6 {[%clk 01:30:48]} {[%emt 00:00:13]} 2. d4 {[%clk
01:31:27]} {[%emt 00:00:02]} d5 {[%clk 01:31:16]} {[%emt 00:00:01]} 3. Nc3
{[%clk 01:31:56]} {[%emt 00:00:02]} dxe4 {[%clk 01:31:18]} {[%emt 00:00:27]} 4.
Nxe4 {[%clk 01:32:25]} {[%emt 00:00:02]} Nf6 {[%clk 01:31:48]} 5. Nxf6+ {[%clk
01:32:53]} {[%emt 00:00:02]} exf6 {[%clk 01:32:17]} 6. c3 {[%clk 01:33:01]}
{[%emt 00:00:22]} Bd6 {[%clk 01:31:53]} {[%emt 00:00:53]} 7. Bd3 {[%clk
01:33:29]} {[%emt 00:00:02]} O-O {[%clk 01:31:47]} {[%emt 00:00:36]} 8. Qc2
{[%clk 01:33:58]} {[%emt 00:00:02]} Re8+ {[%clk 01:32:13]} {[%emt 00:00:04]} 9.
Ne2 {[%clk 01:34:23]} {[%emt 00:00:04]} h5 {[%clk 01:32:19]} {[%emt 00:00:24]}
10. O-O {[%clk 01:34:51]} {[%emt 00:00:02]} h4 {[%clk 01:31:35]} {[%emt
00:01:15]} 11. h3 {[%clk 01:34:59]} {[%emt 00:00:22]} Nd7 {[%clk 01:31:33]}
{[%emt 00:00:32]} 12. Bd2 {[%clk 01:31:25]} {[%emt 00:04:03]} Nf8 {[%clk
01:30:41]} {[%emt 00:01:21]} 13. Rae1 {[%clk 01:30:43]} {[%emt 00:01:14]} Be6
{[%clk 01:28:17]} {[%emt 00:02:53]} 14. f4 {[%clk 01:29:48]} {[%emt 00:01:25]}
b5 {[%clk 01:26:28]} {[%emt 00:02:19]} 15. f5 {[%clk 01:28:20]} {[%emt
00:01:59]} Bd5 {[%clk 01:26:24]} {[%emt 00:00:33]} 16. b3 {[%clk 01:28:10]}
{[%emt 00:00:40]} Qe7 {[%clk 01:16:01]} {[%emt 00:10:54]} 17. Nf4 {[%clk
01:26:54]} {[%emt 00:01:46]} Qxe1 {[%clk 01:11:42]} {[%emt 00:04:49]} 18. Rxe1
{[%clk 01:26:18]} {[%emt 00:01:05]} Rxe1+ {[%clk 01:11:57]} {[%emt 00:00:16]}
19. Bxe1 {[%clk 01:26:46]} {[%emt 00:00:02]} Bxf4 {[%clk 01:12:11]} {[%emt
00:00:15]} 20. c4 {[%clk 01:26:50]} {[%emt 00:00:26]} Re8 {[%clk 01:08:17]}
{[%emt 00:04:24]} 21. Bc3 {[%clk 01:23:20]} {[%emt 00:04:00]} b4 {[%clk
01:07:58]} {[%emt 00:00:50]} 22. Bxb4 {[%clk 01:21:44]} {[%emt 00:02:06]} c5
{[%clk 01:08:24]} {[%emt 00:00:03]} 23. Bd2 {[%clk 01:21:56]} {[%emt 00:00:17]}
Bxd2 {[%clk 01:05:35]} {[%emt 00:03:21]} 24. Qxd2 {[%clk 01:22:24]} Bb7 {[%clk
01:04:33]} {[%emt 00:01:32]} 25. d5 {[%clk 01:22:29]} {[%emt 00:00:26]} Nd7
{[%clk 01:04:52]} {[%emt 00:00:10]} 26. Kf2 {[%clk 01:22:43]} {[%emt 00:00:16]}
Ne5 {[%clk 01:04:12]} {[%emt 00:01:10]} 27. Bc2 {[%clk 01:22:47]} {[%emt
00:00:25]} a6 {[%clk 00:57:57]} {[%emt 00:06:46]} 28. Qa5 {[%clk 01:22:21]}
{[%emt 00:00:56]} Nd7 {[%clk 00:58:25]} {[%emt 00:00:02]} 29. Qc7 {[%clk
01:22:33]} {[%emt 00:00:18]} Bc8 {[%clk 00:58:54]} {[%emt 00:00:02]} 30. d6
{[%clk 01:22:02]} {[%emt 00:01:00]} Kh7 {[%clk 00:58:27]} {[%emt 00:00:57]} 31.
Be4 {[%clk 01:21:52]} {[%emt 00:00:41]} Ne5 {[%clk 00:46:48]} {[%emt 00:12:09]}
32. Ke3 {[%clk 01:11:26]} {[%emt 00:10:55]} Bd7 {[%clk 00:38:25]} {[%emt
00:08:54]} 33. Kd2 {[%clk 01:09:42]} {[%emt 00:02:13]} Rc8 {[%clk 00:36:17]}
{[%emt 00:02:38]} 34. Qb7 {[%clk 01:09:35]} {[%emt 00:00:37]} a5 {[%clk
00:36:08]} {[%emt 00:00:40]} 35. Qa7 {[%clk 01:09:42]} {[%emt 00:00:22]} a4
{[%clk 00:36:31]} {[%emt 00:00:06]} 36. Kc3 {[%clk 01:08:59]} {[%emt 00:01:13]}
axb3 {[%clk 00:33:49]} {[%emt 00:03:13]} 37. Kxb3 {[%clk 01:08:03]} {[%emt
00:01:26]} Kh6 {[%clk 00:33:04]} {[%emt 00:01:16]} 38. a4 {[%clk 01:06:56]}
{[%emt 00:01:36]} Kg5 {[%clk 00:32:49]} {[%emt 00:00:45]} 39. a5 {[%clk
01:07:07]} {[%emt 00:00:18]} Bxf5 {[%clk 00:29:40]} {[%emt 00:03:40]} 40. Bxf5
{[%clk 01:07:33]} {[%emt 00:00:05]} Kxf5 {[%clk 00:30:08]} {[%emt 00:00:01]}
41. Qc7 {[%clk 01:07:40]} {[%emt 00:00:22]} Ra8 {[%clk 00:23:27]} {[%emt
00:07:13]} 42. d7 {[%clk 01:08:02]} {[%emt 00:00:08]} Nxd7 {[%clk 00:23:37]}
{[%emt 00:00:19]} 43. Qxd7+ {[%clk 01:08:30]} {[%emt 00:00:02]} Ke5 {[%clk
00:23:33]} {[%emt 00:00:34]} 44. Qb7 {[%clk 01:08:54]} {[%emt 00:00:07]} Re8
{[%clk 00:23:33]} {[%emt 00:00:29]} 45. a6 {[%clk 01:08:44]} {[%emt 00:00:40]}
Kd6 {[%clk 00:23:59]} {[%emt 00:00:04]} 46. a7 {[%clk 01:09:08]} {[%emt
00:00:06]} 1-0

[Event "DVM U14 2023"]
[Site "Magdeburg GER"]
[Date "2023.12.28"]
[Round "4"]
[White "Patzschke, Carlo"]
[Black "Marynychenko, Yehor"]
[Result "1-0"]
[Termination "normal"]
[Board "3.2"]
[WhiteElo "1636"]
[BlackElo "1795"]
[WhiteClock "01:22:00"]
[BlackClock "01:18:43"]
[WhiteTeam "USV Halle"]
[BlackTeam "USV TU Dresden"]
[PlyCount "24"]
[WhiteFideId "34617973"]
[BlackFideId "34160558"]
[EventCountry "GER"]
[EventRounds "7"]
[EventType "team-swiss"]
[EventDate "2023.12.26"]

1. d4 {[%clk 01:30:58]} {[%emt 00:00:02]} Nf6 {[%clk 01:30:52]} {[%emt
00:00:09]} 2. c4 {[%clk 01:31:24]} {[%emt 00:00:05]} g6 {[%clk 01:31:17]}
{[%emt 00:00:04]} 3. Nf3 {[%clk 01:31:49]} Bg7 {[%clk 01:31:41]} {[%emt
00:00:11]} 4. g3 {[%clk 01:32:14]} O-O {[%clk 01:32:03]} {[%emt 00:00:12]} 5.
Bg2 {[%clk 01:32:39]} d6 {[%clk 01:32:27]} {[%emt 00:00:12]} 6. O-O {[%clk
01:32:57]} Nbd7 {[%clk 01:32:49]} {[%emt 00:00:19]} 7. Nc3 {[%clk 01:31:19]}
Re8 {[%clk 01:33:03]} {[%emt 00:02:25]} 8. Qc2 {[%clk 01:29:22]} e5 {[%clk
01:32:25]} {[%emt 00:03:35]} 9. e3 {[%clk 01:28:46]} a6 {[%clk 01:24:48]}
{[%emt 00:09:13]} 10. b3 {[%clk 01:26:16]} Qe7 {[%clk 01:23:56]} {[%emt
00:04:21]} 11. Bb2 {[%clk 01:25:19]} Nf8 {[%clk 01:19:46]} {[%emt 00:06:07]}
12. Rfe1 {[%clk 01:22:00]} Bf5 {[%clk 01:18:43]} {[%emt 00:05:22]} 1-0

[Event "DVM U14 2023"]
[Site "Magdeburg GER"]
[Date "2023.12.28"]
[Round "4"]
[White "Ellinger, Maximilian"]
[Black "Haase, Alexander"]
[Result "1-0"]
[Termination "normal"]
[Board "3.3"]
[WhiteElo "1654"]
[BlackElo "1476"]
[WhiteClock "00:55:41"]
[BlackClock "00:19:10"]
[WhiteTeam "USV TU Dresden"]
[BlackTeam "USV Halle"]
[PlyCount "61"]
[WhiteFideId "34631003"]
[BlackFideId "34606602"]
[EventCountry "GER"]
[EventRounds "7"]
[EventType "team-swiss"]
[EventDate "2023.12.26"]

1. e4 {[%clk 01:30:59]} {[%emt 00:00:01]} b6 {[%clk 01:30:22]} {[%emt
00:00:38]} 2. d4 {[%clk 01:31:23]} {[%emt 00:00:06]} Bb7 {[%clk 01:30:26]}
{[%emt 00:00:26]} 3. Nc3 {[%clk 01:31:28]} {[%emt 00:00:25]} d6 {[%clk
01:28:41]} {[%emt 00:02:14]} 4. Nf3 {[%clk 01:31:24]} {[%emt 00:00:35]} e6
{[%clk 01:25:29]} {[%emt 00:03:42]} 5. Bd3 {[%clk 01:31:39]} {[%emt 00:00:15]}
Nf6 {[%clk 01:23:17]} {[%emt 00:02:43]} 6. e5 {[%clk 01:30:06]} {[%emt
00:02:03]} dxe5 {[%clk 01:21:24]} {[%emt 00:02:23]} 7. dxe5 {[%clk 01:30:17]}
{[%emt 00:00:18]} Nd5 {[%clk 01:20:53]} {[%emt 00:01:01]} 8. Nxd5 {[%clk
01:30:16]} {[%emt 00:00:31]} Bxd5 {[%clk 01:18:17]} {[%emt 00:03:05]} 9. O-O
{[%clk 01:30:26]} {[%emt 00:00:20]} Nd7 {[%clk 01:15:05]} {[%emt 00:03:43]} 10.
Re1 {[%clk 01:30:41]} {[%emt 00:00:15]} Be7 {[%clk 01:13:51]} {[%emt 00:01:44]}
11. Bf4 {[%clk 01:30:20]} {[%emt 00:00:52]} Nc5 {[%clk 01:11:03]} {[%emt
00:03:17]} 12. Bb5+ {[%clk 01:27:02]} {[%emt 00:03:47]} c6 {[%clk 01:07:22]}
{[%emt 00:04:12]} 13. Bf1 {[%clk 01:26:52]} {[%emt 00:00:40]} O-O {[%clk
01:03:19]} {[%emt 00:04:33]} 14. Nd2 {[%clk 01:24:57]} {[%emt 00:02:25]} b5
{[%clk 00:58:04]} {[%emt 00:05:45]} 15. c3 {[%clk 01:21:47]} {[%emt 00:03:40]}
f5 {[%clk 00:54:06]} {[%emt 00:04:28]} 16. f3 {[%clk 01:20:53]} {[%emt
00:01:24]} Qb6 {[%clk 00:49:34]} {[%emt 00:05:02]} 17. Be3 {[%clk 01:20:06]}
{[%emt 00:01:17]} Qc7 {[%clk 00:46:26]} {[%emt 00:03:38]} 18. b3 {[%clk
01:19:32]} {[%emt 00:01:04]} Rad8 {[%clk 00:40:01]} {[%emt 00:06:55]} 19. c4
{[%clk 01:17:26]} {[%emt 00:02:36]} bxc4 {[%clk 00:39:47]} {[%emt 00:00:44]}
20. bxc4 {[%clk 01:17:50]} {[%emt 00:00:06]} f4 {[%clk 00:39:58]} {[%emt
00:00:19]} 21. Bf2 {[%clk 01:16:43]} {[%emt 00:01:37]} Be4 {[%clk 00:37:24]}
{[%emt 00:03:04]} 22. fxe4 {[%clk 01:15:17]} {[%emt 00:01:56]} f3 {[%clk
00:37:30]} {[%emt 00:00:24]} 23. Qc2 {[%clk 01:05:22]} {[%emt 00:10:25]} fxg2
{[%clk 00:32:49]} {[%emt 00:05:11]} 24. Bxg2 {[%clk 01:05:00]} {[%emt
00:00:52]} Rxf2 {[%clk 00:27:09]} {[%emt 00:06:09]} 25. Kxf2 {[%clk 01:05:15]}
{[%emt 00:00:15]} Nd3+ {[%clk 00:27:21]} {[%emt 00:00:18]} 26. Kf1 {[%clk
00:59:28]} {[%emt 00:06:18]} Qxe5 {[%clk 00:25:08]} {[%emt 00:02:43]} 27. Nf3
{[%clk 00:57:58]} {[%emt 00:02:00]} Qc5 {[%clk 00:22:13]} {[%emt 00:03:25]} 28.
Red1 {[%clk 00:55:52]} {[%emt 00:02:36]} Qe3 {[%clk 00:19:36]} {[%emt
00:03:07]} 29. Qe2 {[%clk 00:55:04]} {[%emt 00:01:17]} Qxe2+ {[%clk 00:18:58]}
{[%emt 00:01:09]} 30. Kxe2 {[%clk 00:55:29]} {[%emt 00:00:05]} Nf4+ {[%clk
00:19:10]} {[%emt 00:00:19]} 31. Kf1 {[%clk 00:55:41]} {[%emt 00:00:16]} 1-0

[Event "DVM U14 2023"]
[Site "Magdeburg GER"]
[Date "2023.12.28"]
[Round "4"]
[White "Schwitkowski, Luka"]
[Black "Sauer, Tim"]
[Result "0-1"]
[Termination "normal"]
[Board "4.1"]
[WhiteElo "1817"]
[BlackElo "2155"]
[WhiteClock "00:02:24"]
[BlackClock "00:02:31"]
[WhiteTeam "SV Erkenschwick 1923"]
[BlackTeam "Schachzentrum Bemerode"]
[PlyCount "79"]
[WhiteFideId "34610669"]
[BlackFideId "16265726"]
[EventCountry "GER"]
[EventRounds "7"]
[EventType "team-swiss"]
[EventDate "2023.12.26"]

1. e4 {[%clk 01:30:57]} {[%emt 00:00:02]} c5 {[%clk 01:30:52]} {[%emt
00:00:09]} 2. Nf3 {[%clk 01:31:21]} {[%emt 00:00:05]} g6 {[%clk 01:31:11]}
{[%emt 00:00:12]} 3. d4 {[%clk 01:31:40]} {[%emt 00:00:10]} cxd4 {[%clk
01:31:37]} {[%emt 00:00:05]} 4. Nxd4 {[%clk 01:31:55]} {[%emt 00:00:14]} Bg7
{[%clk 01:32:02]} {[%emt 00:00:05]} 5. c4 {[%clk 01:32:05]} {[%emt 00:00:19]}
Nc6 {[%clk 01:32:27]} {[%emt 00:00:06]} 6. Be3 {[%clk 01:32:11]} {[%emt
00:00:24]} Nf6 {[%clk 01:32:48]} {[%emt 00:00:09]} 7. Nc3 {[%clk 01:32:35]}
{[%emt 00:00:06]} O-O {[%clk 01:33:12]} {[%emt 00:00:07]} 8. Be2 {[%clk
01:33:00]} {[%emt 00:00:05]} d6 {[%clk 01:33:34]} {[%emt 00:00:08]} 9. O-O
{[%clk 01:33:18]} {[%emt 00:00:12]} Bd7 {[%clk 01:33:57]} {[%emt 00:00:06]} 10.
Nc2 {[%clk 01:33:17]} {[%emt 00:00:31]} Rc8 {[%clk 01:32:59]} {[%emt 00:01:29]}
11. Qd2 {[%clk 01:32:11]} {[%emt 00:01:36]} Ne5 {[%clk 01:25:58]} {[%emt
00:07:31]} 12. b3 {[%clk 01:32:15]} {[%emt 00:00:26]} a6 {[%clk 01:24:38]}
{[%emt 00:01:51]} 13. f4 {[%clk 01:29:17]} {[%emt 00:03:26]} Neg4 {[%clk
01:11:42]} {[%emt 00:13:27]} 14. Bd4 {[%clk 01:18:38]} {[%emt 00:11:10]} e5
{[%clk 01:10:09]} {[%emt 00:02:02]} 15. fxe5 {[%clk 01:00:07]} {[%emt
00:19:00]} dxe5 {[%clk 01:00:18]} {[%emt 00:10:22]} 16. Be3 {[%clk 00:55:30]}
{[%emt 00:05:06]} Nxe3 {[%clk 00:54:28]} {[%emt 00:06:21]} 17. Nxe3 {[%clk
00:54:32]} {[%emt 00:01:27]} Bh6 {[%clk 00:54:33]} {[%emt 00:00:25]} 18. Bf3
{[%clk 00:37:54]} {[%emt 00:17:08]} b5 {[%clk 00:47:44]} {[%emt 00:07:19]} 19.
Ncd5 {[%clk 00:17:19]} {[%emt 00:21:05]} bxc4 {[%clk 00:45:13]} {[%emt
00:03:01]} 20. bxc4 {[%clk 00:17:43]} {[%emt 00:00:06]} Rxc4 {[%clk 00:38:04]}
{[%emt 00:07:40]} 21. Nxf6+ {[%emt 00:00:44]} Qxf6 {[%clk 00:31:32]} {[%emt
00:07:00]} 22. Nd5 {[%clk 00:17:04]} {[%emt 00:00:57]} Qh4 {[%clk 00:31:43]}
{[%emt 00:00:19]} 23. Qa5 {[%clk 00:16:41]} {[%emt 00:00:52]} Be6 {[%clk
00:26:40]} {[%emt 00:05:34]} 24. g3 {[%clk 00:14:46]} {[%emt 00:02:26]} Qg5
{[%clk 00:19:55]} 25. Qxa6 {[%clk 00:14:34]} {[%emt 00:07:56]} Bxd5 {[%clk
00:17:56]} 26. exd5 {[%clk 00:14:56]} {[%emt 00:02:37]} Rc2 {[%clk 00:13:10]}
27. Rae1 {[%clk 00:14:35]} {[%emt 00:06:07]} Rb8 {[%clk 00:05:59]} 28. Qa7
{[%clk 00:12:57]} {[%emt 00:09:50]} Rcb2 {[%clk 00:04:24]} 29. d6 {[%clk
00:13:01]} {[%emt 00:02:31]} Qd2 {[%clk 00:03:30]} {[%emt 00:01:24]} 30. Re2
{[%clk 00:10:48]} {[%emt 00:02:44]} Qxd6 {[%clk 00:03:51]} {[%emt 00:00:08]}
31. Rxb2 {[%clk 00:10:47]} {[%emt 00:00:31]} Rxb2 {[%clk 00:04:16]} {[%emt
00:00:05]} 32. Qa8+ {[%clk 00:06:34]} {[%emt 00:04:41]} Rb8 {[%clk 00:03:47]}
{[%emt 00:01:00]} 33. Qa5 {[%clk 00:06:08]} {[%emt 00:00:56]} Qd4+ {[%clk
00:02:16]} {[%emt 00:02:00]} 34. Kh1 {[%clk 00:06:26]} {[%emt 00:00:11]} Qd3
{[%clk 00:01:40]} {[%emt 00:01:08]} 35. Bg2 {[%clk 00:06:12]} {[%emt 00:00:45]}
Rb1 {[%clk 00:01:30]} {[%emt 00:00:40]} 36. Re1 {[%clk 00:01:38]} {[%emt
00:05:04]} Bd2 {[%clk 00:01:50]} {[%emt 00:00:09]} 37. Qxd2 {[%clk 00:01:41]}
{[%emt 00:00:28]} Qxd2 {[%clk 00:02:12]} {[%emt 00:00:07]} 38. Rxb1 {[%clk
00:02:06]} {[%emt 00:00:05]} Qxa2 {[%clk 00:02:36]} {[%emt 00:00:06]} 39. Rd1
{[%clk 00:02:24]} {[%emt 00:00:10]} Kg7 {[%clk 00:02:31]} 40. h4 {[%clk
00:02:24]} 0-1